Zespoły rockowe po tłumaczeniu nazwy na polski - Statystyki

Ogólne statystyki
  • Ten quiz został rozwiązany 155 razy
  • Średni wynik to 8 z 10
Statystyki odpowiedzi
Hint Odpowiedź % Poprawnych
Królowa Queen
98%
Kto The Who
98%
Tęcza Rainbow
96%
Głęboki Fiolet Deep Purple
90%
Pistolety i Róże Guns n Roses
90%
Prąd Zmienny/Prąd Stały AC/DC
86%
Alicja w Łańcuchach Alice in Chains
81%
Ogród Dźwiękowy Soundgarden
73%
Głchy Lappart Def Leppard
45%
Królowe Epoki Kamienia Łupanego Queens of the Stone Age
32%
Nie znaleziono quizów pasujących do podanych kryteriów
Rozkład punktacji
Procent ludzi z każdym wynikiem
Percentyl według liczby udzielonych odpowiedzi
Twoja historia wyników
Nie rozwiązałeś tego quizu